Sol's RNG Auras - Statistics

General Stats
  • This quiz has been taken 557 times
  • The average score is 44 of 95
Answer Stats
Answer Regular RNG Native Chance (if applicable) % Correct
Common 1 in 2
94%
Uncommon 1 in 4
90%
Rare 1 in 16
88%
Good 1 in 5
81%
Divinus 1 in 32
80%
Natural 1 in 8
78%
Rage 1 in 128
73%
Wind 1 in 900 1 in 300 [From Windy]
70%
Crystallized 1 in 64
68%
Diaboli 1 in 1,004
68%
Topaz 1 in 150
67%
Jackpot 1 in 777
66%
Lunar 1 in 50,000 1 in 5,000 [From Night]
65%
Solar 1 in 50,000 1 in 5,000 [From Day]
65%
Gilded 1 in 512
64%
:Flushed: 1 in 6,900
63%
Ruby 1 in 350
63%
Forbidden 1 in 404
61%
Glacier 1 in 2,304 1 in 768 [From Snowy]
61%
Undead 1 in 12,000 1 in 2,000 [From Hell]
61%
Exotic 1 in 99,999
60%
Magnetic 1 in 2,048
60%
Emerald 1 in 500
58%
Precious 1 in 1,024
56%
Sapphire 1 in 800
56%
Hazard 1 in 7,000 1 in 1,400 [From Corruption]
55%
Bleeding 1 in 4,444
54%
Rage : Heated 1 in 12,800
54%
Glock 1 in 1,700
53%
Permafrost 1 in 73,500 1 in 24,500 [From Snowy]
53%
Aquamarine 1 in 900
52%
Aquatic 1 in 40,000
52%
Ink 1 in 700
52%
Undead : Devil 1 in 120,000 1 in 20,000 [From Hell]
52%
Flushed : Lobotomy 1 in 69,000
51%
Stormal 1 in 90,000 1 in 30,000 [From Windy]
51%
Bounded 1 in 200,000
50%
Celestial 1 in 350,000
50%
Impeached : impeach 1 in 400,000,000
50%
Sidereum 1 in 4,096
50%
Arcane 1 in 1,000,000
49%
Diaboli : Void 1 in 100,400
49%
Quartz 1 in 8,192
49%
Undefined : Defined 1 in 2,222,000 1 in 2,222 [From Null]
49%
Hazard : Rays 1 in 70,000 1 in 14,000 [From Corruption]
47%
Undefined 1 in 1,111,000 1 in 1,111 [From Null]
46%
Starlight 1 in 50,000 1 in 5,000 [From Starfall]
45%
Chromatic 1 in 20,000,000
44%
Hades 1 in 6,666,666 1 in 1,111,111 [From Hell]
44%
Corrosive 1 in 12,000 1 in 2,400 [From Corruption]
43%
Gargantua 1 in 430,000,000 1 in 43,000,000 [From Starfall]
43%
Jade 1 in 125,000
43%
Bounded : Unbound 1 in 2,000,000
42%
Comet 1 in 120,000 1 in 12,000 [From Starfall]
42%
Glitch 1 in 12,210,110 Glitch Only
42%
Ink: Leak 1 in 14,000
42%
Powered 1 in 16,384
41%
Starscourge 1 in 10,000,000 1 in 1,000,000 [From Starfall]
41%
Abyssal Hunter 1 in 400,000,000 1 in 100,000,000 [From Rainy]
40%
Archangel 1 in 250,000,000
40%
Lunar : Full Moon 1 in 5,000,000 1 in 500,000 [From Night]
40%
Oppression 1 in 220,000,000 Glitch Only
40%
Astral 1 in 1,336,000 1 in 267,200 [From Corruption]
39%
Exotic · Apex 1 in 49,999,500
39%
Chromatic : Genesis 1 in 99,999,999
38%
Nautilus 1 in 70,000
38%
Solar : Solstice 1 in 5,000,000 1 in 500,000 [From Day]
38%
Zeus 1 in 4,500,000
38%
Bloodlust 1 in 300,000,000 1 in 50,000,000 [From Hell]
37%
Impeached 1 in 200,000,000 1 in 40,000,000 [From Corruption]
37%
Kyawthuite 1 in 850,000
37%
Magnetic : Reverse Polarity 1 in 1,024,000
37%
Aquatic : Flame 1 in 4,000,000
35%
Poseidon 1 in 4,000,000 1 in 1,000,000 [From Rainy]
35%
Sailor 1 in 12,000,000 1 in 3,000,000 [From Rainy]
35%
Overture 1 in 150,000,000
33%
Starscourge : Radiant 1 in 100,000,000 1 in 10,000,000 [From Starfall]
33%
Galaxy 1 in 5,000,000 1 in 500,000 [From Starfall]
32%
Arcane : Legacy 1 in 15,000,000
31%
Matrix 1 in 50,000,000
31%
Arcane : Dark 1 in 30,000,000
30%
Overture : History 1 in 300,000,000
30%
Gravitational 1 in 2,000,000
29%
Twilight 1 in 6,000,000 1 in 600,000 [From Night]
29%
Virtual 1 in 2,500,000
29%
Hyper-Volt 1 in 7,500,000
27%
Chromatic : Exotic (Removed) 1 in 99,999,999
23%
Divinus : Love Valentines Quest Reward
21%
Ethereal 1 in 35,000,000
21%
Eclipse Crafted
20%
Flushed : Heart Eye Valentines Quest Reward
16%
Lightning (Vaulted) 1 in 40,000
16%
Blossom Valentines Quest Reward
15%
Chromatic : Kromat1k 1 in 40,000,000
13%
Celestial : Cupid Valentines Quest Reward
12%
No matching quizzes found
Score Distribution
Percent of People with Each Score
Percentile by Number Answered
Your Score History
You have not taken this quiz